Où se trouvent ces sites d'apparition mariale ? - Statistiques

Statistiques générales
  • Ce quiz a été pris 21 fois
  • Le résultat moyen est 8 sur 20
Statistiques - réponses
Hint Réponse % Correct
Anglicane - Walsingham Royaume-Uni
78%
Catholique - Lourdes France
72%
Catholique - Fatima Portugal
67%
Copte - Zeitoun Egypte
61%
Catholique - Beauraing Belgique
50%
Copte - Edfou Egypte
50%
Catholique - Pontmain France
44%
Catholique - La Salette France
44%
Catholique - Akita Japon
44%
Copte - Warraq Egypte
39%
Catholique - Green bay Etats-Unis
39%
Catholique - Kibeho Rwanda
39%
Catholique - Banneux Belgique
33%
Copte - Shoubra Egypte
33%
Catholique - Laus France
33%
Catholique - Gietrzwald Pologne
28%
Catholique - San Nicolas Argentine
17%
Anglicane - Yankalilla Australie
11%
Catholique - Betania Venezuela
11%
Copte - Assiout Edypte
0%
Aucun quiz correspondant
Distribution des résultats
% des personnes avec chaque résultat
Percentile par nombre de réponses
Votre historique - résultats
Vous n’avez pas pris ce quiz